Súčasný stav slovenského priemyslu a perspektívy jeho ďalšieho rozvoja
Recenzia na publikáciu Jaroslavy Hečkovej, ktorá sa zameriava na aktuálnu problematiku postavenia priemyslu SR, hľadania súvislostí medzi determinantmi jeho vývoja a tiež definovania faktorov a indikátorov konkurencieschopnosti priemyselných odvetví i celej ekonomiky Slovenska v globalizujúcom sa pr...
Salvato in:
| Autore principale: | |
|---|---|
| Natura: | Capitolo di libro |
| Lingua: | slovacco |
| Soggetti: | |
| Tags: |
Nessun Tag, puoi essere il primo ad aggiungerne!!
|
MARC
| LEADER | 00000nla$a2200000$$$4500 | ||
|---|---|---|---|
| 001 | 0105317 | ||
| 005 | 20240502072148.3 | ||
| 041 | 0 | |a slo | |
| 044 | |a SK | ||
| 245 | 1 | 0 | |a Súčasný stav slovenského priemyslu a perspektívy jeho ďalšieho rozvoja |c Viktória Bobáková |
| 520 | |a Recenzia na publikáciu Jaroslavy Hečkovej, ktorá sa zameriava na aktuálnu problematiku postavenia priemyslu SR, hľadania súvislostí medzi determinantmi jeho vývoja a tiež definovania faktorov a indikátorov konkurencieschopnosti priemyselných odvetví i celej ekonomiky Slovenska v globalizujúcom sa priestore eurozóny. | ||
| 610 | 2 | 0 | |a priemysel |
| 610 | 2 | 0 | |a Slovensko |
| 610 | 2 | 0 | |a recenzie |
| 610 | 2 | 0 | |a eurozóna |
| 100 | 1 | |a Bobáková, Viktória | |